Sports Quiz

Random Sports or Soccer Quiz

Barcelona's 2009 Champions League Winning Squad Quiz Stats

 Plays Quiz not verified by Sporcle

Score 0/21 Timer 06:00
0 Plays Today
Position Player Name % Correct
GoalkeeperVictor Valdes
95.2%
ForwardLionel Messi
94.7%
MidfielderXavi
91.5%
MidfielderAndres Iniesta
91.1%
Defender Gerard Pique
89.2%
DefenderCarles Puyol
88.4%
ForwardSamuel Eto'o
85.9%
MidfielderYaya Toure
85.8%
DefenderDani Alves
85.6%
ForwardThierry Henry
83.1%
DefenderEric Abidal
69.9%
Position Player Name % Correct
MidfielderSergio Busquets
68.8%
DefenderRafael Marquez
63.8%
ForwardPedro
61.6%
ForwardEidur Gudjohnsen
58.2%
MidfielderAlexander Hleb
57.8%
MidfielderSeydou Keita
51.6%
ForwardBojan
39.1%
DefenderMartin Caceres
26.1%
DefenderSylvinho
18.8%
DefenderVictor Sanchez
12.4%

You're not logged in!

Compare scores with friends on all Sporcle quizzes.
OR
Log In

Sporcle TV

Today on Sporcle TV


Watch our educational content, quiz creation guides, and fun videos on Sporcle TV.

Show Comments

Extras

Top Quizzes Today


Score Distribution

Your Account Isn't Verified!

In order to create a playlist on Sporcle, you need to verify the email address you used during registration. Go to your Sporcle Settings to finish the process.

Report this User

Report this user for behavior that violates our Community Guidelines.

Details: